Szczegóły MARC21

Die deutsche Literatur im späten Mittelalter 1250-1370. T. 2, Reimpaargedichte, Drama, Prosa /

003 -Nazwa inst., której nr kontr. jest w polu 001 [,]
    • @
    • Nazwa instytucji, której n kontrolny jest w polu 001
    • NUKAT
005 -DATA I CZAS OSTATNIEJ MODYFIKACJI [,]
    • @
    • pole kontrolne
    • 20241231093738.0
020 -Międzynarod. znormalizowany nr książki - ISBN [ , ]
    • a
    • Numer ISBN
    • 3406007139 Find
040 -Instytucja sporządzająca opis [ , ]
    • a
    • Instytucja, która sporządziła opis (NP)
    • TOR U/ec
    • c
    • Instytucja, która sporządziła rekord (NP)
    • TOR U/EC
    • d
    • Instytucja, która zmodyfikowała rekord (P)
    • TOR U/LF
    • d
    • Instytucja, która zmodyfikowała rekord (P)
    • TOR U/an7s
    • d
    • Instytucja, która zmodyfikowała rekord (P)
    • OLSZT 003/bak
942 -Rodzaj dokumentu [ , ]
    • c
    • Rodzaj dokumentu
    • Książka
245 -Strefa tytułu i oznaczenia odpowiedzialności [0,4]
    • a
    • Tytuł
    • Die deutsche Literatur im späten Mittelalter 1250-1370. Find
    • n
    • Oznaczenie części (P)
    • T. 2,
    • p
    • Nazwa części (P)
    • Reimpaargedichte, Drama, Prosa /
    • c
    • Pozostałe elementy strefy tytułu i oznaczenia odpowiedzialności (NP)
    • hrsg. von Ingeborg Glier.
246 -Wariant tytułu [3,0]
    • a
    • Tytuł (NP)
    • Reimpaargedichte, Drama, Prosa
260 -Strefa adresu wydawniczego [ , ]
    • a
    • Miejsce wydania (P)
    • München :
    • b
    • Nazwa wydawcy (P)
    • C.H. Beck'sche Verlagsbuchhandlung,
    • c
    • Data wydania (P)
    • 1987.
300 -Strefa opisu fizycznego [ , ]
    • a
    • Określenie formy książki i/lub objętość (NP)
    • XIII, 532, [1] s. ;
    • c
    • Format (NP)
    • 23 cm.
336 -Typ zawartości [ , ]
    • a
    • Termin opisujący typ zawartości
    • Tekst
    • b
    • Kod określający zawartość
    • txt
    • 2
    • Źródło (terminu i kodu)
    • rdacontent
337 -Typ mediów [ , ]
    • a
    • Tryb odtwarzania
    • Bez urządzenia pośredniczącego
    • b
    • Kod typu mediów
    • n
    • 2
    • Źródło (terminu i kodu)
    • rdamedia
338 -Typ/rodzaj nośnika [ , ]
    • a
    • Hasło opisujące typ nośnika
    • Wolumin
    • b
    • Kod typu nośnika
    • nc
    • 2
    • Źródło (terminu i kodu)
    • rdacarrier
490 -Strefa serii i książki wielotomowej - forma nie do wyszukiwania [1, ]
    • a
    • Tytuł (P)
    • Geschichte der deutschen Literatur von den Anfängen bis zur Gegenwart / Helmut de Boor und Richard Newald ; Find
    • v
    • Numeracja (P)
    • Bd. 3
504 -Uwaga dot. bibliogr. załącznikowej [ , ]
    • a
    • Uwaga dot. bibliografii załącznikowej
    • Bibliogr. s. 455-518. Indeks.
080 -Uniwersalna Klasyfikacja Dziesiętna [ , ]
    • a
    • Symbol klasyfikacji
    • 830(091)"770/1830"=30
650 -Hasło przedmiotowe [ ,7]
    • a
    • Hasło przedmiotowe
    • Literatura niemiecka
    • y
    • Określnik chronologiczny
    • 1050-1500 (średnio-wysoko-niemiecka)
    • x
    • Określnik rzeczowy
    • historia i krytyka.
    • 2
    • Źródło terminu
    • kaba
    • 9
    • KHW
    • 372187
980 -Symbol UKD [ , ]
    • a
    • UKD
    • 830(091)"770/1830"=30
700 -Hasło dodatkowe - nazwa osobowa [1, ]
    • a
    • Nazwa osobowa (NP)
    • Newald, Richard Find
    • d
    • Daty biograficzne (NP)
    • (1894-1954).
    • 9
    • KHW
    • 486289
700 -Hasło dodatkowe - nazwa osobowa [1, ]
    • a
    • Nazwa osobowa (NP)
    • Glier, Ingeborg. Find
    • e
    • Określenie rodzaju współpracy
    • Red.
    • 9
    • KHW
    • 440641
710 -Hasło dodatkowe - nazwa ciała zbiorowego [2, ]
    • a
    • Nazwa ciała zbiorowego lub nazwa geograficzna jako pierwszy element (NP)
    • Verlag C.H. Beck.
    • 4
    • Kod relacji
    • pbl
    • 9
    • KHW
    • 80052
800 -Hasło dodatkowe opisu książki wielotomowej - nazwa osobowa [1, ]
    • a
    • Nazwa osobowa (NP)
    • Boor, Helmut Anton Wilhelm de
    • d
    • Daty biograficzne (NP)
    • (1891-1976).
    • t
    • Tytuł ujednolicony/tytuł (NP)
    • Geschichte der deutschen Literatur von den Anfängen bis zur Gegenwart
    • l
    • Język tekstu (NP)
    • (niem.)
    • v
    • Oznaczenie tomu (NP)
    • Bd. 3
    • 9
    • KHW
    • 486288
920 -ISBN [ , ]
    • a
    • ISBN
    • 3-406-00713-9 Find
Sygnatura Data inwentaryzacji Lokalizacja Status udost. Numer inwentarzowy
GERM.Literatura niemieckojęz. 331995-12-05BM1G.10707